Studies in polity, economy and society of the trans-Gangetic Valley : (Record no. 84456)

MARC details
000 -LEADER
fixed length control field 00980nam a22002297a 4500
005 - DATE AND TIME OF LATEST TRANSACTION
control field 20140731115044.0
010 ## - LCCN (DPL NO)
LC control number ENG-110059
020 ## - INTERNATIONAL STANDARD BOOK NUMBER
International Standard Book Number 9789380607511
Terms of availability 1250.00
035 ## - SYSTEM CONTROL NUMBER
System control number EN-93592
037 ## - SOURCE OF ACQUISITION
Source of stock number/acquisition DBAD/PUB
082 ## - DEWEY DECIMAL CLASSIFICATION NUMBER
Classification number 954
100 ## - MAIN ENTRY--PERSONAL NAME
Personal name Iqbal Husain
245 ## - TITLE STATEMENT
Title Studies in polity, economy and society of the trans-Gangetic Valley :
Statement of responsibility, etc by Iqbal Husain
Remainder of title fifteenth-nineteenth centuries /
260 ## - PUBLICATION, DISTRIBUTION, ETC. (IMPRINT)
Place of publication, distribution, etc Delhi
Name of publisher, distributor, etc Primus Books
Date of publication, distribution, etc 2013
270 ## - ADDRESS
Address Virat Bhavan, Mukherjee Nagar Commercial Complex
City Delhi
Postal code 110009
300 ## - PHYSICAL DESCRIPTION
Extent xxiv,432p.
Dimensions 25cm(Hb)
500 ## - GENERAL NOTE
General note Includes bibliographical references and index.
505 ## - FORMATTED CONTENTS NOTE
Formatted contents note pt. 1. Religion, ideology and education -- pt. 2. Documents and newsletters -- pt. 3. Historiography and local histories -- pt. 4. Diplomatic and archaeology -- pt. 5. Afghan settlements -- pt. 6. Biographies.
520 ## - SUMMARY, ETC.
Summary, etc Papers presented at various seminars and conferences.
700 ## - ADDED ENTRY--PERSONAL NAME
Personal name
942 ## - ADDED ENTRY ELEMENTS (KOHA)
Source of classification or shelving scheme Dewey Decimal Classification
Item type English Books
Call number suffix IQB
Classification part 954
Holdings
Withdrawn status Lost status Not for loan Collection code Home library Current library Date acquired Source of acquisition Cost, normal purchase price Full call number Barcode Copy number Cost, replacement price Koha item type
    Not For Loan Non-fiction D.B.Act.Division D.B.Act.Division 22/05/2014 DBAD/PUB 1250.00 954 IQB EN-93592 1 1250.00 English Books

© Delhi Public Library
Hit Counter
free hit counter